| 000 | 00774nam a2200289Ia 4500 | ||
|---|---|---|---|
| 001 | 71669 | ||
| 003 | IT-RoPAU | ||
| 008 | 130308s9999 xx 000 0 und d | ||
| 040 | _aIT-RoPAU | ||
| 040 | _cIT-RoPAU | ||
| 041 | _aINGLESE | ||
| 100 | _aCunningham Hugh | ||
| 100 | _gCodice Aut. SPICS: 24912 | ||
| 245 | _aClass and Leisure in Mid-Victorian England | ||
| 245 | _bPopular Culture-Past And Present | ||
| 250 | _a3a ed. | ||
| 260 | _aINGHILTERRA | ||
| 260 | _bCroom Helm | ||
| 260 | _c1986 [1° Ed.:1982 - Ed.Ling.Originale:1980] | ||
| 300 | _a"26 p. (prefazione: no ; testo: 26 [pagine: 66-91])" | ||
| 650 | _aSAGGI DI COMUNICAZIONE SOCIALE | ||
| 650 | _eCodice materia Spics: 3807 | ||
| 942 | _cBK | ||
| 957 | _71 | ||
| 999 |
_c44742 _d44742 |
||
| 999 | _bSI | ||
| 999 | _g1 | ||